[Event "GCT 2021 Croazia"]
[Site "Zagabria"]
[Date "11.07.2021"]
[Round "11B"]
[White "Van Foreest, Jorden"]
[Black "Korobov, Anton"]
[Result "0-1"]
[WhiteTitle ""]
[BlackTitle ""]
[WhiteElo "2688"]
[BlackElo "2683"]
[WhiteFideId "1039784"]
[BlackFideId "14105730"]
[EventDate "2021.07.10"]

1. e4 c5 2. Nf3 Nc6 3. c3 e6 4. d4 d5 5. exd5 exd5 6. Bb5 Bd6 7. O-O Ne7 8. dxc5
Bxc5 9. Nbd2 O-O 10. Nb3 Bb6 11. h3 Qd6 12. Nbd4 Nxd4 13. Nxd4 Nf5 14. Nf3 h6
15. Bd3 Bd7 16. Qc2 Qf6 17. Re1 Rae8 18. Bf4 Nh4 19. Nxh4 Qxf4 20. Nf5 g6 21.
Ne7+ Rxe7 22. Rxe7 Bxh3 23. Rxb7 Bc8 24. Re7 Bc5 25. Ree1 h5 26. b4 Bb6 27. Qe2
Bg4 28. Qf1 h4 29. Re7 h3 30. Rae1 Bxf2+ 31. Kh1 hxg2+ 0-1

[Event "GCT 2021 Croazia"]
[Site "Zagabria"]
[Date "11.07.2021"]
[Round "11B"]
[White "Nepomniachtchi, Ian"]
[Black "Mamedyarov, Shakhriyar"]
[Result "0-1"]
[WhiteTitle ""]
[BlackTitle ""]
[WhiteElo "2792"]
[BlackElo "2782"]
[WhiteFideId "4168119"]
[BlackFideId "13401319"]
[EventDate "2021.07.10"]

1. c4 Nf6 2. g3 g6 3. Bg2 Bg7 4. Nc3 O-O 5. d4 c5 6. Nf3 d5 7. dxc5 Qa5 8. cxd5
Nxd5 9. Qxd5 Bxc3+ 10. Bd2 Rd8 11. Qxd8+ Qxd8 12. Bxc3 Nc6 13. O-O Qd5 14. b4
Qc4 15. Rfc1 Bf5 16. a4 Nxb4 17. Nd2 Qxc5 18. Nb3 Qd6 19. Rd1 Qe6 20. Bxb4 Qxb3
21. Bxe7 Qe6 22. Bg5 Be4 23. Bxe4 Qxe4 24. e3 Qf5 25. Be7 Re8 26. Bd6 g5 27. a5
h5 28. Rd4 Re4 29. Bc5 h4 30. Rd8+ Kh7 31. Bd4 Rxd4 32. Rxd4 h3 33. Rad1 Qf3 34.
Kf1 Qg2+ 35. Ke2 Qxh2 36. Rd7 Kg6 37. Rxb7 Qg2 38. Rd6+ f6 39. Rb1 g4 40. Rd4
Qf3+ 41. Kd3 Qf5+ 42. Re4 h2 43. Rh1 Qd5+ 44. Rd4 Qxh1 0-1

[Event "GCT 2021 Croazia"]
[Site "Zagabria"]
[Date "11.07.2021"]
[Round "11B"]
[White "Vachier-Lagrave, Maxime"]
[Black "Giri, Anish"]
[Result "1-0"]
[WhiteTitle ""]
[BlackTitle ""]
[WhiteElo "2749"]
[BlackElo "2776"]
[WhiteFideId "623539"]
[BlackFideId "24116068"]
[EventDate "2021.07.10"]

1. c4 Nf6 2. Nc3 e5 3. Nf3 Nc6 4. g3 d5 5. cxd5 Nxd5 6. Bg2 Bc5 7. O-O O-O 8. d3
h6 9. Nxd5 Qxd5 10. Bd2 a5 11. Bc3 Qd6 12. Nxe5 Bxf2+ 13. Rxf2 Nxe5 14. Qa4 Ng4
15. Rf4 Ne3 16. Bf3 Nd5 17. Qd4 Nxc3 18. bxc3 Rd8 19. Qxd6 Rxd6 20. Rb1 Rb8 21.
Ra4 Ra6 22. Rd4 Be6 23. Rxb7 Rxb7 24. Bxb7 Rb6 25. Rd8+ Kh7 26. Bd5 Bxd5 27.
Rxd5 Rb2 28. Kf2 Rxa2 29. Rc5 a4 30. Rxc7 Kg6 31. Ra7 a3 32. c4 Ra1 33. Ke3 h5
34. c5 Kf6 35. Kd4 Ra2 36. e4 Rxh2 37. Rxa3 Rc2 38. Kd5 g5 39. d4 h4 40. g4 Kg6
41. c6 f6 42. Kd6 Rc4 43. c7 Rxd4+ 44. Kc5 Rd1 45. Rc3 1-0

[Event "GCT 2021 Croazia"]
[Site "Zagabria"]
[Date "11.07.2021"]
[Round "12B"]
[White "Anand, Viswanathan"]
[Black "Vachier-Lagrave, Maxime"]
[Result "1/2-1/2"]
[WhiteTitle ""]
[BlackTitle ""]
[WhiteElo "2753"]
[BlackElo "2749"]
[WhiteFideId "5000017"]
[BlackFideId "623539"]
[EventDate "2021.07.10"]

1. e4 c5 2. Nf3 d6 3. d4 cxd4 4. Nxd4 Nf6 5. Nc3 a6 6. a4 g6 7. Be2 Bg7 8. O-O
O-O 9. Be3 Nc6 10. Qd2 Rb8 11. Rfd1 Bd7 12. h3 Qc7 13. Nb3 Ne5 14. a5 Nc4 15.
Bxc4 Qxc4 16. f3 Rbc8 17. Qf2 Qc7 18. Bd4 Bc6 19. Nd2 Rfe8 20. Nf1 e6 21. Ne3
Bb5 22. Qh4 Nd7 23. Bxg7 Kxg7 24. Qf2 Red8 25. Nxb5 axb5 26. c3 Ne5 27. Nc2 Qc5
28. Qxc5 dxc5 29. Ne3 Nd3 30. Rd2 c4 31. Rad1 Ra8 32. b4 b6 33. axb6 Rdb8 34.
Nc2 Rxb6 35. Ne1 Nxe1 36. Rxe1 Ra3 37. Rc1 Rba6 38. Rd7 Ra2 39. Rb7 Rd2 40. Kh2
Raa2 41. Rg1 Rd3 42. Rxb5 Rxf3 43. Rb7 h5 44. Rc7 Rxc3 45. Rf1 Rcc2 46. Rcxf7+
Kh6 47. Rg1 Re2 48. Rc7 Rxe4 49. b5 Rb2 50. Rc5 h4 51. Rc1 Ree2 52. Rg1 c3 53.
Rxc3 Rxb5 54. Rc4 g5 55. Rg4 Rf5 56. Rc4 Rff2 57. Rc6 Kg6 58. Rb6 Kf5 59. Rb8
Kf6 60. Rf8+ Kg7 61. Rb8 Rb2 62. Re8 Kf7 63. Rh8 e5 64. Ra8 e4 65. Ra4 Rbe2 66.
Kh1 Kg6 67. Ra6+ Kf5 68. Ra8 Kf4 69. Rf8+ Kg3 70. Rg8 Rf5 71. Re8 g4 72. hxg4
Rf4 73. g5 Rg4 74. Re5 Kf4 75. Ra5 Rxg5 76. Rf1+ Kg4 77. Ra3 Kh5 78. Rf4 Rexg2
79. Rxe4 Rg1+ 80. Kh2 R1g2+ 81. Kh1 Rg1+ 82. Kh2 R1g2+ 83. Kh3 R2g3+ 84. Rxg3
Rxg3+ 85. Kh2 Rg4 86. Rxg4 Kxg4 87. Kg2 h3+ 88. Kh2 Kf5 89. Kxh3 1/2-1/2

[Event "GCT 2021 Croazia"]
[Site "Zagabria"]
[Date "11.07.2021"]
[Round "12B"]
[White "Giri, Anish"]
[Black "Nepomniachtchi, Ian"]
[Result "1-0"]
[WhiteTitle ""]
[BlackTitle ""]
[WhiteElo "2776"]
[BlackElo "2792"]
[WhiteFideId "24116068"]
[BlackFideId "4168119"]
[EventDate "2021.07.10"]

1. d4 Nf6 2. c4 e6 3. Nf3 d5 4. g3 a6 5. Bg2 dxc4 6. O-O Nc6 7. a4 Rb8 8. a5 b5
9. axb6 cxb6 10. Bf4 Bd6 11. Ne5 Ne7 12. Bc6+ Kf8 13. Bg2 Nfd5 14. Bd2 b5 15. b3
f6 16. bxc4 fxe5 17. cxd5 exd5 18. Bg5 Bb7 19. Nc3 h6 20. Bxe7+ Bxe7 21. dxe5 d4
22. Ne4 g6 23. Qd3 Kg7 24. f4 Rf8 25. Nd2 Bxg2 26. Kxg2 a5 27. Nf3 Bc5 28. Rfc1
Qb6 29. Nh4 Be7 30. Nf3 Rfd8 31. Rc2 Rbc8 32. Rxc8 Rxc8 33. Nxd4 Rd8 34. Rd1 b4
35. Qc4 Qb7+ 36. Kf2 Rc8 37. Qe6 Bc5 38. f5 gxf5 39. Qf6+ Kh7 40. Qxf5+ Kh8 41.
Ke1 b3 42. Ne6 Qh1+ 43. Kd2 Qd5+ 44. Ke1 Qh1+ 45. Kd2 Bb4+ 46. Ke3 Rc3+ 47. Kf4
Rc4+ 48. e4 Rxe4+ 49. Qxe4 Qxd1 50. Qa8+ 1-0

[Event "GCT 2021 Croazia"]
[Site "Zagabria"]
[Date "11.07.2021"]
[Round "12B"]
[White "Mamedyarov, Shakhriyar"]
[Black "Van Foreest, Jorden"]
[Result "1-0"]
[WhiteTitle ""]
[BlackTitle ""]
[WhiteElo "2782"]
[BlackElo "2688"]
[WhiteFideId "13401319"]
[BlackFideId "1039784"]
[EventDate "2021.07.10"]

1. d4 d5 2. c4 e6 3. Nf3 a6 4. Nbd2 Nf6 5. g3 b6 6. Bg2 Bb7 7. Ne5 Be7 8. O-O
O-O 9. Qc2 c5 10. cxd5 exd5 11. Rd1 Nbd7 12. Ndc4 cxd4 13. Nxd7 Nxd7 14. Rxd4
Bf6 15. Rd1 Rc8 16. Bxd5 Bxd5 17. Rxd5 b5 18. Qd1 bxc4 19. Rxd7 Qb6 20. Rb1 c3
21. Be3 Qe6 22. bxc3 Qxa2 23. Bd4 Bxd4 24. cxd4 Rc2 25. Ra1 Qc4 26. e3 a5 27.
Qf3 g6 28. Kg2 Qc3 29. Rd1 a4 30. Ra7 a3 31. e4 Qxf3+ 32. Kxf3 Rc3+ 33. Kg2 Re8
34. e5 Kg7 1-0

[Event "GCT 2021 Croazia"]
[Site "Zagabria"]
[Date "11.07.2021"]
[Round "12B"]
[White "Korobov, Anton"]
[Black "Grischuk, Alexander"]
[Result "1-0"]
[WhiteTitle ""]
[BlackTitle ""]
[WhiteElo "2683"]
[BlackElo "2778"]
[WhiteFideId "14105730"]
[BlackFideId "4126025"]
[EventDate "2021.07.10"]

1. d4 Nf6 2. c4 e6 3. Nf3 d5 4. Nc3 Be7 5. Bg5 h6 6. Bh4 O-O 7. e3 b6 8. Be2 Bb7
9. Bxf6 Bxf6 10. cxd5 exd5 11. b4 c6 12. O-O a5 13. bxa5 Rxa5 14. Qb3 Nd7 15. a4
Re8 16. Rfe1 Ba6 17. Bxa6 Rxa6 18. e4 dxe4 19. Nxe4 Re6 20. Ra2 Be7 21. Rae2 Bf8
22. h4 Qe7 23. Neg5 Rxe2 24. Rxe2 Qxe2 25. Qxf7+ Kh8 26. Ne6 Ra8 27. Qxd7 Qe4
28. Ne5 Qb1+ 29. Kh2 Qf5 30. f4 Kg8 31. Qxc6 Qf6 32. g3 Ra5 33. Qc8 Qf5 34. Qc4
Kh7 35. g4 Qf6 36. Qd3+ Kg8 37. Qc4 Qxh4+ 38. Kg2 b5 39. axb5 Qe7 40. Ng5+ Kh8 1-0

[Event "GCT 2021 Croazia"]
[Site "Zagabria"]
[Date "11.07.2021"]
[Round "12B"]
[White "Kasparov, Garry"]
[Black "Duda, Jan-Krzysztof"]
[Result "0-1"]
[WhiteTitle ""]
[BlackTitle ""]
[WhiteElo "2812"]
[BlackElo "2738"]
[WhiteFideId "4100018"]
[BlackFideId "1170546"]
[EventDate "2021.07.10"]

1. e4 c5 2. Nf3 d6 3. d4 cxd4 4. Nxd4 Nf6 5. Nc3 a6 6. Be2 e5 7. Nb3 Be7 8. O-O
O-O 9. Kh1 Be6 10. f4 exf4 11. Bxf4 Nc6 12. Qe1 Qc7 13. Qg3 Kh8 14. Rad1 Rad8
15. Nd5 Bxd5 16. exd5 Ne5 17. Nd4 Ne4 18. Qe3 Nc5 19. Bxe5 dxe5 20. Nf5 Bf6 21.
b4 Na4 22. c4 e4 23. d6 Qd7 24. c5 g6 25. Nd4 Bg7 26. Bc4 Nb2 27. Rc1 Nxc4 28.
Rxc4 f5 29. Ne2 h6 30. h3 g5 31. Rc2 Rde8 32. Nd4 f4 33. Qd2 f3 0-1

[Event "GCT 2021 Croazia"]
[Site "Zagabria"]
[Date "11.07.2021"]
[Round "13B"]
[White "Duda, Jan-Krzysztof"]
[Black "Korobov, Anton"]
[Result "1-0"]
[WhiteTitle ""]
[BlackTitle ""]
[WhiteElo "2738"]
[BlackElo "2683"]
[WhiteFideId "1170546"]
[BlackFideId "14105730"]
[EventDate "2021.07.10"]

1. e4 e6 2. d4 d5 3. Nc3 Nf6 4. Bg5 Be7 5. e5 Nfd7 6. Bxe7 Qxe7 7. f4 a6 8. Nf3
c5 9. Qd2 Nc6 10. Bd3 O-O 11. O-O b5 12. dxc5 Nxc5 13. Qe3 d4 14. Nxd4 Nxd4 15.
Qxd4 Rd8 16. Qe3 Nxd3 17. cxd3 Bb7 18. Ne4 Bxe4 19. dxe4 Qb4 20. Rf2 Rac8 21.
Re1 Qd4 22. g4 h6 23. Kg2 Qc4 24. f5 Rd3 25. Qf4 Qd4 26. fxe6 fxe6 27. Qf7+ Kh8
28. Qxe6 Rd8 29. Qf5 Re8 30. e6 Qd6 31. Ree2 Rxe6 32. Qf8+ Qxf8 33. Rxf8+ Kh7
34. h4 Kg6 35. Rf5 Rd4 36. Kf3 Rd3+ 37. Kf4 Rd1 38. h5+ Kh7 39. Kf3 Rd3+ 40. Kf4
Rd1 41. Ke3 Kg8 42. e5 b4 43. Rc2 a5 44. Rc8+ Kh7 45. Rff8 Re1+ 1-0

[Event "GCT 2021 Croazia"]
[Site "Zagabria"]
[Date "11.07.2021"]
[Round "13B"]
[White "Grischuk, Alexander"]
[Black "Mamedyarov, Shakhriyar"]
[Result "0-1"]
[WhiteTitle ""]
[BlackTitle ""]
[WhiteElo "2778"]
[BlackElo "2782"]
[WhiteFideId "4126025"]
[BlackFideId "13401319"]
[EventDate "2021.07.10"]

1. Nf3 Nf6 2. c4 e6 3. g3 d5 4. Bg2 d4 5. d3 c5 6. e4 Nc6 7. e5 Nd7 8. Qe2 Be7
9. h4 b6 10. Bf4 Bb7 11. Kf1 Qc7 12. Na3 a6 13. Nc2 O-O-O 14. a3 Kb8 15. Kg1 a5
16. b4 cxb4 17. axb4 Bxb4 18. Bg5 f6 19. exf6 gxf6 20. Bd2 Bxd2 21. Nxd2 e5 22.
Na3 Nc5 23. Nb5 Qe7 24. Ne4 f5 25. Nxc5 Qxc5 26. Kh2 e4 27. dxe4 d3 28. Qd2 Ne5
29. Rhe1 fxe4 30. Nc3 Rhf8 31. Kg1 Nxc4 32. Qa2 e3 33. fxe3 d2 34. Re2 Bxg2 35.
Kxg2 Nxe3+ 36. Rxe3 Qxe3 0-1

[Event "GCT 2021 Croazia"]
[Site "Zagabria"]
[Date "11.07.2021"]
[Round "13B"]
[White "Van Foreest, Jorden"]
[Black "Giri, Anish"]
[Result "1/2-1/2"]
[WhiteTitle ""]
[BlackTitle ""]
[WhiteElo "2688"]
[BlackElo "2776"]
[WhiteFideId "1039784"]
[BlackFideId "24116068"]
[EventDate "2021.07.10"]

1. b3 d5 2. Bb2 Bf5 3. Nf3 e6 4. e3 h6 5. Be2 Nf6 6. d3 a5 7. a3 Bh7 8. h3 a4 9.
b4 c5 10. bxc5 Bxc5 11. O-O O-O 12. c4 dxc4 13. d4 Bd6 14. Bxc4 Ne4 15. d5 exd5
16. Bxd5 Nc6 17. Nc3 Nf6 18. Ba2 Ne5 19. Nxe5 Bxe5 20. Nxa4 Qe7 21. Bxe5 Qxe5
22. Nb6 Ra6 23. Nd7 Nxd7 24. Qxd7 Be4 25. f3 Bf5 26. Qd4 Qxd4 27. exd4 Rfa8 28.
Bb1 Bxb1 29. Rfxb1 Ra4 30. d5 Rxa3 31. Rxa3 Rxa3 32. Rxb7 Rd3 33. Rb8+ Kh7 34.
Rd8 Rd2 35. Kh2 Kg6 36. h4 h5 37. Kh3 Kf6 38. Rd7 Rd3 39. Kh2 g6 40. Kh3 Rd4 41.
g4 hxg4+ 42. fxg4 Rd3+ 43. Kg2 Ke5 44. Rxf7 Rxd5 45. Kg3 Ke6 46. Rf3 Ke7 47. g5
Rd6 48. h5 Rd5 49. Kg4 Rd4+ 50. Kh3 gxh5 51. g6 Rg4 52. Rf5 Rxg6 53. Rxh5 Kf6
54. Rh4 Kg5 55. Rg4+ Kf5 56. Rxg6 Kxg6 1/2-1/2

[Event "GCT 2021 Croazia"]
[Site "Zagabria"]
[Date "11.07.2021"]
[Round "13B"]
[White "Nepomniachtchi, Ian"]
[Black "Vachier-Lagrave, Maxime"]
[Result "1/2-1/2"]
[WhiteTitle ""]
[BlackTitle ""]
[WhiteElo "2792"]
[BlackElo "2749"]
[WhiteFideId "4168119"]
[BlackFideId "623539"]
[EventDate "2021.07.10"]

1. c4 c5 2. Nf3 Nf6 3. Nc3 Nc6 4. d4 cxd4 5. Nxd4 e6 6. a3 Bc5 7. Nb3 Be7 8. e4
O-O 9. Be2 b6 10. O-O Bb7 11. Bf4 d6 12. Re1 Ne5 13. Nd2 Qc7 14. Rc1 Rac8 15.
Bg3 Rfd8 16. Bf1 Qb8 17. h3 Qa8 18. b4 Ng6 19. Qb3 Bf8 20. Qb1 d5 21. cxd5 exd5
22. exd5 Nxd5 23. Nxd5 Bxd5 24. Rxc8 Qxc8 25. Ne4 Be7 26. Re3 Qd7 27. Nc3 Be6
28. Nb5 Qd1 29. Re1 Qxb1 30. Rxb1 Rd7 31. Bb8 a5 32. Bc7 axb4 33. axb4 Bf5 34.
Rc1 Bxb4 35. Bxb6 Bf8 36. Nd4 Be4 37. Rc8 Ne7 38. Re8 Bd5 39. Bb5 Rb7 40. Bc5
Rc7 41. Bd6 Rc8 42. Rxe7 Bxe7 43. Bxe7 Bc4 44. Bc6 Rb8 45. Bg5 h6 46. Be3 Bd3
47. g4 Rc8 48. Kh2 Rd8 49. Kg3 Rc8 50. h4 Rd8 51. h5 Rc8 52. Kf4 Rd8 53. Bf3 Rc8
54. Bd5 Rc7 55. Ke5 Re7+ 56. Kd6 Re8 57. Kd7 Re5 58. Kd6 Re8 59. Bb3 Rb8 60. Kc7
Rb4 61. Bd5 Bc4 62. Bf3 Bd3 63. Nc6 Ra4 64. Ne7+ Kf8 65. Nd5 Be4 66. Bc5+ Kg8
67. Ne7+ Kh7 68. Be2 Ra2 69. Bd1 Ra1 70. Bb3 Bf3 71. Bxf7 Bxg4 72. Bg6+ Kh8 73.
Bd4 Rh1 74. Kd6 Bxh5 75. Be4 Rd1 76. Kc5 Rc1+ 77. Kd6 Rd1 78. Ke5 Be8 79. Nf5
Bd7 80. Ne3 Rg1 81. f4 Kg8 82. Nd5 Re1 83. Bc3 Re2 84. Kd4 Be6 85. Ne3 Ra2 86.
f5 Bf7 87. Ng4 Ra4+ 88. Ke3 Ra3 89. Kd3 Ra4 90. Ne5 Be8 91. Bd5+ Kh7 92. Bd4
Ra3+ 93. Ke4 Ra4 94. Bb3 Rb4 95. Bc2 Ba4 96. Bd3 Bb5 97. Bc2 Ba4 98. Bd3 Bb5 99.
Bc2 Ba4 1/2-1/2

[Event "GCT 2021 Croazia"]
[Site "Zagabria"]
[Date "11.07.2021"]
[Round "14B"]
[White "Vachier-Lagrave, Maxime"]
[Black "Van Foreest, Jorden"]
[Result "1/2-1/2"]
[WhiteTitle ""]
[BlackTitle ""]
[WhiteElo "2749"]
[BlackElo "2688"]
[WhiteFideId "623539"]
[BlackFideId "1039784"]
[EventDate "2021.07.10"]

1. c4 a6 2. d4 e6 3. e4 d5 4. exd5 exd5 5. Nc3 Nf6 6. Nf3 Be7 7. cxd5 Nxd5 8.
Bc4 Nxc3 9. bxc3 O-O 10. O-O Nd7 11. Re1 b5 12. Bd3 Bb7 13. a4 bxa4 14. Rxa4 Re8
15. Ra2 h6 16. Bb1 Nf8 17. Rae2 Bxf3 18. gxf3 Qd7 19. Qd3 Bd6 20. Rxe8 Rxe8 21.
Rxe8 Qxe8 22. Be3 Qd7 23. Qf5 Qxf5 24. Bxf5 Ne6 25. c4 c5 26. dxc5 Nxc5 27. Kf1
h5 28. h3 g6 29. Bc2 Ne6 30. Ke1 Nf4 31. c5 Ng2+ 32. Ke2 Nxe3 33. fxe3 Bxc5 34.
f4 Kg7 35. Kf3 f6 36. Ba4 a5 37. Be8 Kh6 38. e4 Bd6 39. h4 Bb4 40. Kg3 Bd6 41.
Kf3 Bc7 42. Ba4 Bb6 43. e5 Bd8 44. exf6 Bxf6 45. Kg3 Bd4 46. Bc2 Kg7 47. Ba4 Kf6
48. Bc2 Bc3 49. Kf2 Bd2 50. Kg3 Be1+ 51. Kh3 Bf2 52. Ba4 Kf5 53. Bc2+ Kxf4 54.
Bxg6 a4 55. Bxh5 a3 56. Bf7 Bxh4 57. Kxh4 a2 58. Bxa2 1/2-1/2

[Event "GCT 2021 Croazia"]
[Site "Zagabria"]
[Date "11.07.2021"]
[Round "14B"]
[White "Giri, Anish"]
[Black "Grischuk, Alexander"]
[Result "1/2-1/2"]
[WhiteTitle ""]
[BlackTitle ""]
[WhiteElo "2776"]
[BlackElo "2778"]
[WhiteFideId "24116068"]
[BlackFideId "4126025"]
[EventDate "2021.07.10"]

1. d4 Nf6 2. c4 e6 3. Nf3 d5 4. g3 Be7 5. Bg2 O-O 6. O-O dxc4 7. Qc2 a6 8. a4
Bd7 9. Qxc4 Bc6 10. Bg5 Nbd7 11. Nc3 h6 12. Bxf6 Nxf6 13. Rfd1 Qd6 14. e3 Rfd8
15. a5 Rac8 16. Qe2 Bxf3 17. Bxf3 c6 18. Ra4 g6 19. Rc4 Qc7 20. b4 Nd5 21. Qb2
Nxc3 22. Qxc3 Bf6 23. Qc2 Qd7 24. Kg2 Kg7 25. h4 h5 26. Qb3 Qe8 27. Rcc1 Rd6 28.
Rd3 Rcd8 29. Be4 Qe7 30. Rcd1 Qe8 31. R1d2 Qe7 32. Rd1 Qe8 33. R1d2 Qe7 34. Rd1 1/2-1/2

[Event "GCT 2021 Croazia"]
[Site "Zagabria"]
[Date "11.07.2021"]
[Round "14B"]
[White "Mamedyarov, Shakhriyar"]
[Black "Duda, Jan-Krzysztof"]
[Result "1-0"]
[WhiteTitle ""]
[BlackTitle ""]
[WhiteElo "2782"]
[BlackElo "2738"]
[WhiteFideId "13401319"]
[BlackFideId "1170546"]
[EventDate "2021.07.10"]

1. d4 d5 2. c4 e6 3. Nc3 c6 4. e3 Nf6 5. Nf3 Nbd7 6. Qc2 b6 7. b3 Bb7 8. Be2 Rc8
9. O-O Bd6 10. e4 Nxe4 11. Nxe4 dxe4 12. Qxe4 Nf6 13. Qh4 c5 14. Rd1 cxd4 15.
Nxd4 Ne4 16. Qg4 Qf6 17. Be3 Nc3 18. Nb5 Nxb5 19. c5 Bxc5 20. Bxb5+ Kf8 21. Rac1
Bxe3 22. fxe3 g6 23. Rxc8+ Bxc8 24. Rf1 Qe7 25. Qf4 Kg7 26. Qe5+ f6 27. Qc3 Bb7
28. Bc4 Rd8 29. a4 e5 30. Qc2 Qc5 31. Qf2 Rd6 32. h4 h5 33. Kh2 Be4 34. Rc1 a5
35. Qe1 Qb4 36. Qg3 Rd2 37. Rg1 Qc3 38. Qh3 Bf5 39. Qf3 e4 40. Qf4 Qe5 41. Qxe5
fxe5 42. Kg3 Bg4 43. Rf1 Bf5 44. Rf2 Rd1 45. Rf1 Rd6 46. Rc1 Rd2 47. Bb5 Be6 48.
Rc7+ Kh6 49. Rc6 Bxb3 50. Rxb6 Bf7 51. Ra6 Ra2 52. Rxa5 Ra3 53. Kf2 Ra2+ 54. Kg3
Ra3 55. Ra7 Be6 56. Re7 Bf5 57. Kf2 Ra2+ 58. Ke1 Rxg2 59. a5 Ra2 60. a6 g5 61.
Rxe5 gxh4 62. Rxf5 h3 63. Be8 h2 64. Rxh5+ Kg7 65. a7 Rxa7 66. Rxh2 Kf6 67. Bh5
Ke5 68. Kf2 Rg7 69. Be2 Rf7+ 70. Ke1 Ra7 71. Rh5+ Kf6 72. Rh4 Ke5 73. Rh6 Ra3
74. Kf2 Ra2 75. Rh1 Rb2 76. Ra1 Rc2 77. Ke1 Rb2 78. Ra5+ Kf6 79. Bd1 Rh2 80. Rc5
Ke6 81. Bc2 Rh4 82. Kd2 Kd6 83. Rc4 Kd5 84. Ra4 Ke5 85. Kc3 Kd5 1-0

[Event "GCT 2021 Croazia"]
[Site "Zagabria"]
[Date "11.07.2021"]
[Round "14B"]
[White "Korobov, Anton"]
[Black "Kasparov, Garry"]
[Result "1-0"]
[WhiteTitle ""]
[BlackTitle ""]
[WhiteElo "2683"]
[BlackElo "2812"]
[WhiteFideId "14105730"]
[BlackFideId "4100018"]
[EventDate "2021.07.10"]

1. d4 Nf6 2. c4 g6 3. Nc3 Bg7 4. e4 d6 5. Be2 O-O 6. Bg5 Na6 7. Qd2 e5 8. d5 Qe8
9. Bd1 Nh5 10. Nge2 f5 11. f3 Bd7 12. a3 fxe4 13. Nxe4 Nf4 14. O-O h6 15. Nxf4
hxg5 16. Nd3 Bf5 17. Re1 1-0

[Event "GCT 2021 Croazia"]
[Site "Zagabria"]
[Date "11.07.2021"]
[Round "15B"]
[White "Kasparov, Garry"]
[Black "Mamedyarov, Shakhriyar"]
[Result "0-1"]
[WhiteTitle ""]
[BlackTitle ""]
[WhiteElo "2812"]
[BlackElo "2782"]
[WhiteFideId "4100018"]
[BlackFideId "13401319"]
[EventDate "2021.07.10"]

1. d4 Nf6 2. c4 e6 3. Nc3 d5 4. Bg5 Nbd7 5. e3 Be7 6. Nf3 O-O 7. Qc2 a6 8. cxd5
exd5 9. Bd3 h6 10. Bf4 c5 11. O-O c4 12. Bf5 b5 13. Ne5 Bb7 14. a3 Re8 15. Rad1
Nf8 16. Bg3 Qb6 17. Bh4 Rad8 18. f4 a5 19. Kh1 b4 20. Na4 Qb5 21. Bxf6 gxf6 22.
Ng4 h5 23. Qe2 Kg7 24. Rf3 Qxa4 25. Rh3 Ng6 26. Rxh5 Rh8 0-1

[Event "GCT 2021 Croazia"]
[Site "Zagabria"]
[Date "11.07.2021"]
[Round "15B"]
[White "Duda, Jan-Krzysztof"]
[Black "Giri, Anish"]
[Result "1-0"]
[WhiteTitle ""]
[BlackTitle ""]
[WhiteElo "2738"]
[BlackElo "2776"]
[WhiteFideId "1170546"]
[BlackFideId "24116068"]
[EventDate "2021.07.10"]

1. d4 d5 2. Bf4 c5 3. e3 cxd4 4. exd4 Nc6 5. c3 Bf5 6. Nd2 e6 7. Ngf3 Bd6 8.
Bxd6 Qxd6 9. Nh4 Bg6 10. Nxg6 hxg6 11. g3 Nf6 12. Bd3 e5 13. dxe5 Qxe5+ 14. Kf1
O-O 15. Kg2 Qd6 16. Nf3 Rfe8 17. h4 a6 18. Qd2 Ne5 19. Nxe5 Rxe5 20. Qf4 Rae8
21. Rad1 Qc6 22. Qd4 R5e6 23. Rhf1 Re5 24. Kg1 R5e6 25. Bc2 Re5 26. Ba4 b5 27.
Bb3 Qe6 28. Kg2 Re2 29. Rd2 Rxd2 30. Qxd2 Qe4+ 31. Kg1 Re5 32. f3 Qf5 33. Kg2
Qe6 34. Rf2 Re1 35. Bd1 Qe5 36. Re2 Rxe2+ 37. Bxe2 Qe6 38. a3 Qb6 39. Qf4 Qe6
40. Qd2 Qe5 41. Kf2 Qf5 42. Kg2 Qe5 43. Bf1 Nh5 44. Qf2 g5 45. hxg5 Qxg5 46. f4
Qf5 47. Qf3 Nf6 48. Bd3 Qe6 49. Qf2 g6 50. Qd4 Kg7 51. a4 bxa4 52. Qxa4 Qe3 53.
Qd4 Qxd4 54. cxd4 a5 55. Kf3 Kf8 56. g4 Ke7 57. g5 Ne8 58. f5 gxf5 59. Bxf5 Ng7
60. Kf4 Kd6 61. Bg4 Ne8 62. Kf5 Ke7 63. Ke5 Nc7 64. Bf5 Nb5 65. Kxd5 Nd6 66. Bd3
Kd7 67. Kc5 Kc7 68. Kd5 Kd7 69. Bc2 Nc8 70. Bf5+ 1-0

[Event "GCT 2021 Croazia"]
[Site "Zagabria"]
[Date "11.07.2021"]
[Round "15B"]
[White "Grischuk, Alexander"]
[Black "Vachier-Lagrave, Maxime"]
[Result "1/2-1/2"]
[WhiteTitle ""]
[BlackTitle ""]
[WhiteElo "2778"]
[BlackElo "2749"]
[WhiteFideId "4126025"]
[BlackFideId "623539"]
[EventDate "2021.07.10"]

1. Nf3 c5 2. c4 Nf6 3. Nc3 Nc6 4. g3 d5 5. d4 e6 6. cxd5 Nxd5 7. Bg2 cxd4 8.
Nxd4 Nxc3 9. bxc3 Nxd4 10. Qxd4 Qxd4 11. cxd4 Bd6 12. O-O Rb8 13. e4 Bd7 14. Be3
b6 15. e5 Ba3 16. Rab1 O-O 17. Rb3 Be7 18. d5 exd5 19. Bxd5 Rfc8 20. f4 Be6 21.
Bxe6 fxe6 22. Rd1 Rc7 23. Rbd3 Kf7 24. Kf2 b5 25. g4 g6 26. Kf3 Rbb7 27. Ke4
Rc4+ 28. Rd4 Rxd4+ 29. Bxd4 b4 30. f5 gxf5+ 31. gxf5 a5 32. Rc1 a4 33. Rc6 exf5+
34. Kxf5 Rb5 35. Ke4 b3 36. axb3 axb3 37. Bb2 Rb4+ 38. Kd5 Rb5+ 39. Ke4 Rb4+ 40.
Kd5 Rb5+ 41. Ke4 1/2-1/2

[Event "GCT 2021 Croazia"]
[Site "Zagabria"]
[Date "11.07.2021"]
[Round "15B"]
[White "Van Foreest, Jorden"]
[Black "Nepomniachtchi, Ian"]
[Result "1/2-1/2"]
[WhiteTitle ""]
[BlackTitle ""]
[WhiteElo "2688"]
[BlackElo "2792"]
[WhiteFideId "1039784"]
[BlackFideId "4168119"]
[EventDate "2021.07.10"]

1. g3 d5 2. Nf3 g6 3. Bg2 Bg7 4. d4 c6 5. O-O Nf6 6. Bf4 O-O 7. Qc1 Bf5 8. a4
Nbd7 9. a5 c5 10. Nc3 Rc8 11. a6 Qb6 12. dxc5 Nxc5 13. Be3 Qb4 14. Nd4 bxa6 15.
Nxf5 gxf5 16. Bxd5 Nce4 17. Bxe4 Nxe4 18. Nxe4 Qxe4 19. c3 Rc6 20. Bxa7 Qxe2 21.
Re1 Qh5 22. Rxe7 Rh6 23. h4 Bf6 24. Rxa6 Rg6 25. Re1 Qxh4 26. Bd4 Rxg3+ 27. fxg3
Qxg3+ 28. Kf1 Qf3+ 29. Kg1 Bxd4+ 30. cxd4 Kh8 31. Qg5 Rg8 32. Qxg8+ Kxg8 33. Ra3
Qg4+ 34. Kf1 Qf4+ 35. Kg2 Qd2+ 36. Kf1 Kg7 37. Rf3 Qxd4 38. Re2 Kf6 39. Ref2
Qd1+ 40. Kg2 Qd5 41. Kg1 h5 42. b4 Kg5 43. Kh2 Kg6 44. Kh3 Qc4 45. Rxf5 Qg4+ 46.
Kh2 Qxf5 47. Rxf5 Kxf5 48. Kg3 Ke5 49. Kh4 f5 50. Kxh5 f4 51. Kg4 Ke4 52. b5 f3
53. b6 f2 54. b7 f1=Q 55. b8=Q Qf3+ 56. Kg5 Qf5+ 57. Kh6 Qf4+ 58. Qxf4+ Kxf4 1/2-1/2